Scarface: Who Killed Who? - Statistics

General Stats
  • This quiz has been taken 305 times
  • The average score is 8 of 11
Answer Stats
Killed Killer % Correct
Emilio Rebenga Tony Montana
97%
Manny Ribera Tony Montana
83%
Majority of Sosa's Henchmen Tony Montana
79%
Mel Bernstein Tony Montana
76%
Frank Lopez Manny Ribera
73%
Hector "The Toad" Tony Montana
72%
Alberto "The Shadow" Tony Montana
71%
Omar Suarez Alejandro Sosa's Henchmen
70%
Gina Montana Sosa's Henchman
69%
Tony Montana "The Skull" (Sosa's Chief Assassin)
68%
Angel Fernandez Hector "The Toad"
43%
No matching quizzes found
Score Distribution
Percent of People with Each Score
Percentile by Number Answered
Your Score History
You have not taken this quiz